MARC

LEADER 00000nam0a2200000 4500
001 674304
005 20240829163054.0
090 |a 674304 
100 |a 20240829d1979 k||y0rusy50 ca 
101 0 |a rus 
102 |a UA 
105 |a a z 001yy 
181 0 |a i   |b  e  
182 0 |a n 
183 0 |a nc  |2 RDAcarrier 
200 1 |a Численные методы решения детерминированных и стохастических минимаксных задач  |f Е. А. Нурминская  |g Институт кибернетики АН УССР 
203 |a Текст  |b визуальный  |c непосредственный 
210 |a Киев  |c Наукова думка  |d 1979 
215 |a 161 с.  |c ил. 
283 |a volume  |2 RDAcarrier 
320 |a Литература: с. 153-157 
606 1 |a Минимакс  |x Задачи  |x Решение  |x Численные методы  |9 63450 
610 1 |a нелинейное программирование 
610 1 |a квазиградиентные методы 
610 1 |a экстремальные задачи 
610 1 |a стохастические методы 
610 1 |a регулировка шага 
610 1 |a математика 
675 |a 519.61  |v 4 
700 1 |a Нурминский  |b Е. А.  |g Евгений Алексеевич 
712 0 2 |a Академия наук Украинской ССР  |b Институт кибернетики  |c (Киев)  |c (1962-1991)  |4 570  |9 25095 
801 0 |a RU  |b 63413507  |c 20240829 
830 |a Ретро2024Каталогизация Мотырева 
850 |a 63413507 
942 |c BK